000 00760nam a2200241 i 4500
003 DO-SdBNP
005 20230705091530.0
007 ta
008 230627b1999 dr ac||| |||| 00| 0 spa d
040 _aDO-SdBNP
_bspa
_cBNPHU
_erda
082 4 _bQ79
_222
110 _aInstituto de Contadores Públicos Autorizado de la República Dominicana (ICPARD)
_983694
245 1 0 _a5to. congreso de estudiantes de contabilidad
246 _aQuinto congreso de estudiantes de contabilidad
264 1 _aSanto Domingo :
_bICPARD,
_c1999
300 _a128 páginas ;
_c22 cm.
336 _2rdacontent
_atexto
_btxt
337 _2rdamedia
_asin mediación
_bn
338 _2rdacarrier
_avolumen
_bnc
590 _aInventariado, 2023/DG
910 _aDG
942 _2ddc
_cLBS1
999 _c54096
_d54096